000
00275nam a22001217a 4500
008
171204b xxu||||| |||| 00| 0 eng d
041
_a
eng
080
_a
94
100
_a
16
101
_a
HIS
245
_a
HISTORIA LA LITERATURE GUATEMATECA
_c
PALMA.F.A
942
_2
udc
_c
BK
999
_c
38777
_d
38777